Psicofarmacología clínica / (Record no. 143821)

MARC details
000 -LEADER
campo de control de longitud fija 00764nam a2200217 4500
001 - NÚMERO DE CONTROL
campo de control 143821
003 - IDENTIFICADOR DE NÚMERO DE CONTROL
campo de control ES-MaACL
005 - FECHA Y HORA DE LA ÚLTIMA TRANSACCIÓN
campo de control 20230906200901.0
007 - CAMPO FIJO DE DESCRIPCIÓN FÍSICA--INFORMACIÓN GENERAL
campo de control de longitud fija t|
008 - DATOS DE LONGITUD FIJA--INFORMACIÓN GENERAL
campo de control de longitud fija 070214s1972 sp r ||||1| spa d
100 1# - ENTRADA PRINCIPAL--NOMBRE DE PERSONA
Nombre de persona Shepherd, Michael.
9 (RLIN) 106089
245 10 - MENCIÓN DEL TÍTULO
Título Psicofarmacología clínica /
Mención de responsabilidad, etc. Michael Shepherd, Malcolm Lader, Richard Rodnight ; prólogo de H. O. Schild ; traducción de Vicente Peg Juarrero, Bernabé Sanz Pérez.
260 ## - PUBLICACIÓN, DISTRIBUCIÓN, ETC.
Lugar de publicación, distribución, etc. Zaragoza :
Nombre del editor, distribuidor, etc. Acribia,
Fecha de publicación, distribución, etc. 1972.
300 ## - DESCRIPCIÓN FÍSICA
Extensión XVI, 357 p. ;
Dimensiones 22 cm.
700 1# - ENTRADA AGREGADA--NOMBRE PERSONAL
Nombre de persona Lader, Malcolm.
9 (RLIN) 69433
700 1# - ENTRADA AGREGADA--NOMBRE PERSONAL
Nombre de persona Rodnight, Richard.
9 (RLIN) 98151
700 1# - ENTRADA AGREGADA--NOMBRE PERSONAL
Nombre de persona Schild, H. O.
9 (RLIN) 104352
700 1# - ENTRADA AGREGADA--NOMBRE PERSONAL
Nombre de persona Peg Juarrero, Vicente.
9 (RLIN) 89963
700 1# - ENTRADA AGREGADA--NOMBRE PERSONAL
Nombre de persona Sanz Pérez, Bernabé.
9 (RLIN) 103675
852 ## - LOCALIZACIÓN
Ubicación ES-MaACL
Número de control de estantería C-42760
Sublocalización o colección R.81102
Holdings
Estatus retirado Estado de pérdida Estado de daño No para préstamo Biblioteca de origen Biblioteca actual Ubicación en estantería Fecha de adquisición Fuente de adquisición Total de préstamos Signatura topográfica completa Código de barras Visto por última vez Precio de reemplazo Tipo de ítem Koha
        Biblioteca del Ateneo de Madrid Biblioteca del Ateneo de Madrid Depósito 2 17/01/2008     C-42760 1149635 23/02/2023 23/02/2023 Libro impreso